TSG 1899 Hoffenheim Squad 2017-2018 - Statistics

General Stats
  • This quiz has been taken 4 times
  • The average score is 17 of 31
Answer Stats
# Position Nation Player % Correct
28 FW Hungary Ádám Szalai
100%
27 FW Croatia Andrej Kramarić
100%
32 MF Germany Dennis Geiger
100%
6 DF Norway Håvard Nordtveit
100%
- Coach Germany Julian Nagelsmann
100%
25 DF Nigeria Kevin Akpoguma
100%
1 GK Germany Oliver Baumann
100%
3 DF Czech Republic Pavel Kadeřábek
100%
14 FW Germany Sandro Wagner
100%
21 DF Germany Benjamin Hübner
75%
4 DF Bosnia and Herzegovina Ermin Bičakčić
75%
11 MF Austria Florian Grillitsch
75%
10 MF Germany Kerem Demirbay
75%
18 MF Germany Nadiem Amiri
75%
8 MF Poland Eugen Polanski
50%
31 DF Germany Felix Passlack
50%
36 GK Switzerland Gregor Kobel
50%
22 DF Germany Kevin Vogt
50%
19 FW Germany Mark Uth
50%
16 DF Germany Nico Schulz
50%
38 DF Austria Stefan Posch
50%
17 MF Switzerland Steven Zuber
50%
26 FW Germany David Otto
25%
29 FW Germany Serge Gnabry
25%
33 GK Germany Alexander Stolz
0%
24 DF Netherlands Justin Hoogma
0%
7 MF Germany Lukas Rupp
0%
35 FW Germany Meris Skenderović
0%
30 FW Germany Philipp Ochs
0%
20 MF Austria Robert Žulj
0%
37 FW Germany Robin Hack
0%
No matching quizzes found
Score Distribution
Percent of People with Each Score
Percentile by Number Answered
Your Score History
You have not taken this quiz